000 nam a22 a 4500
999 _c4736
_d4736
003 AKMAL
005 20170801113217.0
008 170108s2017 my e l 000 0 may
020 _cRM42.00
082 0 4 _a347.59501 MAL
_223
090 0 0 _a347.59501
_bMAL
110 1 _aMalaysia,
_ejurisdiction governed.
_9400
245 1 0 _aAKTA MAHKAMAH RENDAH 1948 (DISEMAK - 1972) (AKTA 92) & AKTA KAEDAH-KAEDAH MAHKAMAH RENDAH 1955 (DISEMAK - 1971) (AKTA 55) :
_b(pindaan hingga Mac 2013) /
_cDisusun semula oleh Penasihat Undang-Undang Mdc
260 _aKuala Lumpur:
_bMdc Publishers,
_c2017.
300 _a45 pages ;
_c27 cm.
490 1 _aUNDANG-UNDANG MALAYSIA
650 1 0 _aDistrict courts
_zMalaysia
_98738
650 2 0 _aCourt rules
_zMalaysia
_93920
830 0 _aUNDANG-UNDANG MALAYSIA
_99059
942 _2ddc
_cBOOK
950 _lAKMAL